Normal view
MARC view
- تاليف بن زكريا، ابي الحين احمد بن فارس؛علق علية أحمد حسن بسج
Entry Personal Name
001 - CONTROL NUMBER
- control field: 26490
003 - CONTROL NUMBER IDENTIFIER
- control field: JO-AjAnu
005 - DATE AND TIME OF LATEST TRANSACTION
- control field: 20230606074519.0
008 - FIXED-LENGTH DATA ELEMENTS
- fixed length control field: 230606|| aca||aabn | a|a d
040 ## - CATALOGING SOURCE
- Original cataloging agency: JO-AjAnu
- Transcribing agency: JO-AjAnu
100 ## - HEADING--PERSONAL NAME
- Personal name: تاليف بن زكريا، ابي الحين احمد بن فارس؛علق علية أحمد حسن بسج
670 ## - SOURCE DATA FOUND
- Source citation: Work cat.: (JO-AjAnu)13611: تاليف بن زكريا، ابي الحين احمد بن فارس؛علق علية أحمد حسن بسج, author, الصحابي في فقة اللغة العربية ومسائلها وسنن العرب في كلامها